000 00332 a2200145 4500
001 181535
020 _a
040 _cMagnum
100 _aOliveira, J. Lourenco de
240 1 0 _aConceitos de linguistica fabular
_lpor
245 1 0 _aConceitos de linguistica fabular
362 0 _a1899
697 _aMAGNITO: GERAL
942 _cBK
999 _c181535
_d181535